| 000 | 00740nam a2200229 a 4500 | ||
|---|---|---|---|
| 001 | 000019211 | ||
| 005 | 20200929165942.0 | ||
| 008 | 100528s1993 uy 000 0 spa d | ||
| 020 | _a9974360242 | ||
| 040 |
_aDO-SdBNP _bspa _cBNPHU |
||
| 082 |
_aU861.44 _bB456m |
||
| 100 | 1 |
_aBenavides, Washington, _d1930- _941334 |
|
| 245 | 1 | 4 |
_aLas milongas y otros cuentos / _cWashington Benavides ; prólogo Isabelino A. Villa. |
| 260 |
_aMontevideo : _bInstituto Nacional del Libro, _c1993. |
||
| 300 |
_a105 p. ; _c23 cm. |
||
| 490 | 1 |
_aBrazo corto _v7 |
|
| 650 | 4 |
_aPoesía uruguaya _93846 |
|
| 650 | 4 |
_aLiteratura uruguaya _ySIGLO XX _916336 |
|
| 700 | 1 |
_aVilla, Isabelino A. _epról. _941335 |
|
| 830 | 0 |
_aBrazo Corto, _v7 _98973 |
|
| 049 | _aBNGR | ||
| 999 |
_c18729 _d18729 |
||